<?xml version="1.0" encoding="UTF-8"?>
<record
    xmlns:xsi="http://www.w3.org/2001/XMLSchema-instance"
    xsi:schemaLocation="http://www.loc.gov/MARC21/slim http://www.loc.gov/standards/marcxml/schema/MARC21slim.xsd"
    xmlns="http://www.loc.gov/MARC21/slim">

  <leader>01664nam a22001577a 4500</leader>
  <datafield tag="999" ind1=" " ind2=" ">
    <subfield code="c">519225</subfield>
    <subfield code="d">519225</subfield>
  </datafield>
  <controlfield tag="008">220215b           ||||| |||| 00| 0 eng d</controlfield>
  <datafield tag="100" ind1=" " ind2=" ">
    <subfield code="a">Chundeli, Faiz Ahmed et al </subfield>
    <subfield code="9">32271</subfield>
  </datafield>
  <datafield tag="245" ind1=" " ind2=" ">
    <subfield code="a">Population density and Covid spatial dynamics: A critical assessment of Indian districts</subfield>
  </datafield>
  <datafield tag="260" ind1=" " ind2=" ">
    <subfield code="a">Indian Journal of Public Administration </subfield>
  </datafield>
  <datafield tag="300" ind1=" " ind2=" ">
    <subfield code="a">67(3), Sep, 2021: p.425-439</subfield>
  </datafield>
  <datafield tag="520" ind1=" " ind2=" ">
    <subfield code="a">In this article, a critical assessment of urban density and Covid-19 incidences in Indian cities is explored. The top hundred Covid-19 reported districts are analysed. The ArcGIS 10.1 statistical tool Getis-Ord Gi* is used in the identification of statistically significant Covid-19 clusters across India. Attempts are made to empirically establish the correlation between the urban density, the number of reported cases, and their possible impact on health infrastructure in general and planning in specific. Based on the results from 164 out of 693 district datasets, analyses have shown high positive spatial autocorrelation, which is more than 24% of the districts analysed. Further, the results show that southern districts are more affected than the Central and northern districts of India. Although a positive association between reported cases and the urban density was found, in high-density urban areas, the relationship with infection rate varied, which should be looked at together with other variables such as people&#x2019;s activities and behaviours. &#x2013;Reproduced </subfield>
  </datafield>
  <datafield tag="650" ind1=" " ind2=" ">
    <subfield code="a">Population density, Geospatial analysis, City planning, GIS.</subfield>
    <subfield code="9">29906</subfield>
  </datafield>
  <datafield tag="773" ind1=" " ind2=" ">
    <subfield code="a">Indian Journal of Public Administration </subfield>
  </datafield>
  <datafield tag="906" ind1=" " ind2=" ">
    <subfield code="a">COVID-19 (DISEASE) &#x2013; INDIA</subfield>
  </datafield>
  <datafield tag="942" ind1=" " ind2=" ">
    <subfield code="c">AR</subfield>
  </datafield>
  <datafield tag="952" ind1=" " ind2=" ">
    <subfield code="0">0</subfield>
    <subfield code="1">0</subfield>
    <subfield code="2">ddc</subfield>
    <subfield code="4">0</subfield>
    <subfield code="7">0</subfield>
    <subfield code="9">393276</subfield>
    <subfield code="a">IIPA</subfield>
    <subfield code="b">IIPA</subfield>
    <subfield code="d">2022-02-15</subfield>
    <subfield code="h">67(3), Sep, 2021: p.425-439</subfield>
    <subfield code="p">AR126257</subfield>
    <subfield code="r">2022-02-15</subfield>
    <subfield code="y">AR</subfield>
  </datafield>
</record>
